College Quizbowl Stats
College Quizbowl Stats
Circuits
Seasons
Sets
Records
Detailed Stats
About
Loading...
2023 ARCADIA at Imperial
Tossups
Bonuses
Players
Teams
Categories (Tossup)
Categories (Bonus)
Iris Creighton
Cambridge B
Categories
Category
Powers
Gets
Negs
BBs
Points
Earliest Buzz
Avg. Buzz
First Buzzes
Top 3 Buzzes
Fine Arts - Auditory Fine Arts
0
4
1
0
35
77
99.00
2
2
Other Science: Earth Science
0
1
0
0
10
124
124.00
0
1
Science - Biology
0
1
1
0
5
90
90.00
1
1
Buzzes
Category
Answer
Value
Buzz Position
Science - Biology
feathers
-5
50
Fine Arts - Auditory Fine Arts
Louis
10
77
Fine Arts - Auditory Fine Arts
birds
10
86
Science - Biology
seed dispersal
10
90
Fine Arts - Auditory Fine Arts
Claude Debussy
-5
113
Fine Arts - Auditory Fine Arts
Sergei Rachmaninoff
10
116
Fine Arts - Auditory Fine Arts
clarinet
10
117
Other Science: Earth Science
weather radar receivers
10
124
Previous
1
Next